书目信息 |
| 题名: |
汽车运用基础
|
|
| 作者: | 张永杰 , 代绍军 主编 | |
| 分册: | ||
| 出版信息: | 北京 电子工业出版社 2014.09 |
|
| 页数: | 256页 | |
| 开本: | 26cm | |
| 丛书名: | ||
| 单 册: | ||
| 中图分类: | U471.2 | |
| 科图分类: | ||
| 主题词: | 汽车--应用--职业大学--教材 , 汽车 | |
| 电子资源: | ||
| ISBN: | 978-7-121-24075-1 | |
| 000 | 00942nam0 2200289 450 | |
| 001 | 006873121 | |
| 005 | 20170327083331.31 | |
| 010 | @a978-7-121-24075-1@dCNY35.00 | |
| 100 | @a20140918d2014 em y0chiy0110 ea | |
| 101 | 0 | @achi |
| 102 | @aCN@b110000 | |
| 105 | @aak z 000yy | |
| 106 | @ar | |
| 200 | 1 | @a汽车运用基础@9qi che yun yong ji chu@f张永杰,代绍军主编 |
| 205 | @a3版 | |
| 210 | @a北京@c电子工业出版社@d2014.09 | |
| 215 | @a256页@c图@d26cm | |
| 300 | @a高等职业院校国家技能型紧缺人才培养培训工程规划教材·汽车运用与维修专业 | |
| 330 | @a本书共分5章,系统地介绍了汽车运用概述、汽车选购知识、汽车的合理使用、汽车使用中的管理、汽车的运用效率和成本等内容。 | |
| 333 | @a高职 | |
| 606 | 0 | @a汽车@x应用@x职业大学@j教材 |
| 606 | 0 | @a汽车 |
| 690 | @aU471.2@v5 | |
| 701 | 0 | @a张永杰@9zhang yong jie@4主编 |
| 701 | 0 | @a代绍军@9dai shao jun@4主编 |
| 801 | 0 | @aCN@b人天书店@c20140918 |
| 905 | @b980712-15@dU471.2@e370=3@f4 | |
| 汽车运用基础/张永杰,代绍军主编.-3版.-北京:电子工业出版社,2014.09 |
| 256页:图;26cm |
| 高等职业院校国家技能型紧缺人才培养培训工程规划教材·汽车运用与维修专业.-使用对象:高职 |
| ISBN 978-7-121-24075-1:CNY35.00 |
| 本书共分5章,系统地介绍了汽车运用概述、汽车选购知识、汽车的合理使用、汽车使用中的管理、汽车的运用效率和成本等内容。 |
| ● |
| 相关链接 |
|
|
|
|
正题名:汽车运用基础
索取号:U471.2/370=3
 
预约/预借
| 序号 | 登录号 | 条形码 | 馆藏地/架位号 | 状态 | 备注 |
| 1 | 980712 | 209807128 | 第二样本阅览室/ [索取号:U471.2/370=3] | 在馆 | |
| 2 | 980713 | 209807137 | 密集书库-物理学院/ [索取号:U471.2/370=3] | 在馆 | |
| 3 | 980714 | 209807146 | 第三借阅区/ [索取号:U471.2/370=3] | 在馆 | |
| 4 | 980715 | 209807155 | 第三借阅区/ [索取号:U471.2/370=3] | 在馆 |